Datum a čas kvízu
37.5
Celkem bodů
Celkový počet nahraných bodů na tomto kvízu bez doplňovacích otázek.
2.
Pořadí na kvízu
Konečné umístění týmu na tomto kvízu.
Zaznamenané odpovědi
| # | Otázka | Odpověď | Body | Výsledky |
|---|---|---|---|---|
| 1. | Při informování o rozdělení mi... | prevence | 1 | |
| 2. | Nejen u nás, ale i v jedné sou... | v Polsku | 1 | |
| 3. | Minulou středu měla premiéru t... | Naked Attraction | 1 | |
| 4. | Francouzská státní společnost... | croissant | 1 | |
| 5. | V minulém týdnu jsme se v hoke... | Pavel Gross, HC Sparta Praha | 0.5 | |
| 6. | Rozdělení Římské říše v roce 3... | 476 (Západořímská) a 1453 (Východořímská) | 1 | |
| 7. | Ve 14. století Evropu sevřela... | D | 1 | |
| 8. | Adolf Hitler se nepoučil z výs... | 6. armáda, (Friedrich) Paulus | 1 | |
| 9. | Jedním z největších přešlapů m... | Lehman Brothers | 0 | |
| 10. | Jak moc velkou chybou byl či n... | A | 0 |